000 00374nam a2200121Ia 4500
008 220620s9999||||xx |||||||||||||| ||und||
100 _aMatenko, Percy
245 0 _aLudwig Tieck and America
546 _aEnglish[eng]
650 _aPoetry||German Studies||Literature
856 _uhttps://library.oapen.org/bitstream/20.500.12657/39764/1/9781469657929_WEB.pdf
942 _cEB
999 _c28937
_d28937